000 02502cam a22002775a 4500
001 L160192
008 231020s2023 xxk fo 000 0 eng d
020 _a9781783215065
041 0 _aeng
110 2 _aRoyal Institution of Chartered Surveyors
_94900
245 0 0 _aRICS Valuation Global Standards 2023
_bUK National Supplement
_h[electronic resource]
260 _aLondon,
_bRICS,
_c2023
300 _a129p.
490 0 _aRICS Professional Standard
490 _aRICS Red Book
520 _aThe UK national supplement augments the Global Red Book for valuations that are subject to UK jurisdiction. This edition of the UK supplement addresses recommendations found in the Independent Review of Real Estate Investment Valuations, published in January 2022. One of the biggest changes is the implementation of time-limited, mandatory rotation cycles for regulated purpose valuations, alongside measures to ensure an orderly and consistent transition to the policy, standardise its governance, and prevent conflicts of interest in the commissioning and receiving of valuation reports. The new rules will prevent valuation firms from valuing an asset for regulated purposes for more than ten consecutive years, requiring a change or "rotation" to a different valuation firm. These critical changes will improve transparency, ultimately serving the public interest. Due to this wide-ranging update, which will cause business models to change for RICS regulated valuers in the UK, RICS has set a transition period for the implementation of the rotation requirements so that clients and firms have a reasonable timeframe to rotate their business relationships. The new regulations will come into effect on 1 May 2024.
520 _aPublished 19 October 2023, effective from 1 May 2024. Supersedes RICS Valuation Professional Standards UK January 2017 ISBN 9781783213276
520 _aThis publication was reissued in January 2025 to align references to the updated Red Book Global Standards.
650 2 4 _aRED BOOK
650 2 4 _aGLOBAL VALUATION STANDARDS 2023
651 4 _aUnited Kingdom
690 _aValuation
_96273
856 4 0 _uhttps://www.rics.org/content/dam/ricsglobal/documents/standards/rics-valuation-global-standards-uk-national-supplement-oct23_191023.pdf
_z2023 version of supplement
856 4 0 _uhttps://www.rics.org/content/dam/ricsglobal/documents/standards/UK-national-supplement_reissuedJan25.pdf
_yUK National supplement 2023 re-issued Jan 2025
942 _n0
_2ddc
999 _c121681
_d121681